000
00340nam a22001457a 4500
003
OSt
005
20230609060840.0
008
220808b xxu||||| |||| 00| 0 eng d
040
_c
IIMT UNIVERSITY MEERUT
100
_a
MALHOTRA, , S, CHOUDHARY
245
_a
PROGRAMMING IN JAVA
260
_b
OXFORD
300
_a
660
942
_2
ddc
_c
09
999
_c
55026
_d
55026